000 00833nas a2200241 4500
001 BR9506145
003 BR-BrBNA
005 20231205094215.0
007 ta
008 230509b bl.|||p| |||| 00| 00por d
040 _aBR-BrBNA
_bpor
_cBiblioteca Nacional de Agricultura
041 _a(Pt)
072 _aM12
100 1 _aFialho, C.B.
100 1 _aVerani, J.R.
245 1 _aDinamica da alimentacao de Odontesthes aff. perugiae (Evermann e Kendall, 1906)da Lagoa Emboaba, RS, Brasil. (Atheriniformes, Atherinidae)
650 _aPeixe-Boi
650 _aNutricao Animal
650 _aRio Grande do Sul
773 0 _tComunicacoes do Museu de Ciencias e Tecnologia da PUCRS. Serie Zoologia (Brazil)
_xISSN 0104-6950
_g(Dec 1994), v. 7 p. 29-40
_wBR9506145
909 _a202311
_bLúcia
_c55
_dLúcia Elande
942 _2AGRIS
_n0
_cANA
999 _c142760
_d142760